00486nmm a2200145Ia 4500008004100000020001500041041000800056100001600064245007000080264007800150300001800228490001500246650003000261856004900291251105s9999||||xx |||||||||||||||||und|| a8479084944 aspa aMora, F. J. 0aEl ruido de las nueces. List Azurbide y el estridentismo mexicano a[Madrid, España] :bPublicaciones de la Universidad de Alicante, c1998 a178 páginas aLiteratura aLatin American literature uhttps://public.digitaliapublishing.com/a/794